000
00309nam a22001457a 4500
003
SGT
082
_a
346,NOR
100
_a
NORONHA,FE.
245
_a
PRIVATE INTERNATIONAL LAW IN INDIA
250
_a
2ND
260
_a
NEW DELHI
_b
UNIVERSAL
_c
2013
300
_a
368
650
_a
PRIVATE LAW
942
_2
ddc
_c
BK
999
_c
10135
_d
10135